01015namaa2200205 i 4500001000700000003000900007005001700016008004100033040003200074080002100106100003500127245017200162260011800334300004600452490007900498650005200577710007600629830007900705852002500784174169ES-MaACL20250815105806.0100301s1923 sp | |||| ||spa d aSpMaBN bspa cSpMaBN erdc a56(460.33)"6152"1 aJiménez de Cisneros, Daniel.13aLa fauna de los estratos de "Pygope Aspasia" Menegh. del Liásico Medio del Rincón de Egea en el NW. de la provincia de Murcia / cpor Daniel Jiménez de Cisneros. aMadrid : bJunta para Ampliación de Estudios e Investigaciones Científicas,c1923 (fJiménez y Molina Imp.) a55 p., VI h. de lám. : bil. ; c23 cm.1 aTrabajos del Museo Nacional de Ciencias Naturales. Serie geológica ;v30 4aPaleontología-zMurcia (Comunidad Autónoma)2 aJunta para la Ampliación de Estudios e Investigaciones Científicas.00aTrabajos del Museo Nacional de Ciencias Naturales. pSerie geológicav30 aES-MaACLjB-13131(1)